Central Library OPAC University of Rajshahi

Extension strategies for agriculture and rural development / (Record no. 12954)

MARC details
000 -LEADER
fixed length control field 00721nam a22002297a 4500
001 - CONTROL NUMBER
control field 12954
003 - CONTROL NUMBER IDENTIFIER
rucl marc code BD-RjUL
005 - DATE AND TIME OF LATEST TRANSACTION
control field 20211208235400.0
008 - FIXED-LENGTH DATA ELEMENTS--GENERAL INFORMATION
fixed length control field 140130s2010 bg a|||| |||| 001 0 eng d
020 ## - INTERNATIONAL STANDARD BOOK NUMBER
International Standard Book Number 9788170356417
035 ## - SYSTEM CONTROL NUMBER
System control number (BD-RjUL)13004
040 ## - CATALOGING SOURCE
Original cataloging agency BD-RjUL
Language of cataloging eng
Transcribing agency BD-RjUL
041 ## - LANGUAGE CODE
Language code of text/sound track or separate title eng
082 04 - DEWEY DECIMAL CLASSIFICATION NUMBER
Classification number 630.71
Edition number 20
Author mark and year EXT 2010
245 00 - TITLE STATEMENT
Title Extension strategies for agriculture and rural development /
Statement of responsibility, etc. edited by Ashok K Singh.
260 ## - PUBLICATION, DISTRIBUTION, ETC. (IMPRINT)
Place of publication, distribution, etc. Delhi :
Name of publisher, distributor, etc. Daya Pub. House,
Date of publication, distribution, etc. 2010.
300 ## - PHYSICAL DESCRIPTION
Pagination xxvii, 437 p. :
Illustrations ill. (some col.), col. map ;
Size 25 cm.
504 ## - BIBLIOGRAPHY, ETC. NOTE
Bibliography, etc Includes index.
650 #0 - SUBJECT ADDED ENTRY--TOPICAL TERM
Topical term or geographic name as entry element Agricultural extension work
General subdivision Developing countries.
9 (RLIN) 40381
700 1# - ADDED ENTRY--PERSONAL NAME
Personal name Singh, Ashok K
942 ## - ADDED ENTRY ELEMENTS (KOHA)
Source of classification or shelving scheme Dewey Decimal Classification
Koha item type Books
Holdings
Lost status Source of classification or shelving scheme Damaged status Not for loan Collection code Permanent Location Current Location Shelving location Date acquired Source of acquisition Cost, normal purchase price Total Checkouts Full call number Date last seen Copy number Koha item type
  Dewey Decimal Classification   Not For Loan Non-fiction Central Library, University of Rajshahi Central Library, University of Rajshahi Reading Room 08/07/2013 Dhaka, Paragon Enterprises Ltd. 2376.00   630.71 EXT 2010 30/01/2014 C-1 Books